Bu resim ne anlatıyor? (Record no. 3509)

MARC details
000 -BAŞLIK
Sabit Uzunlukta Kontrol Alanı 00897na a2200301 4500
001 - KONTROL NUMARASI
Denetim Alanı 23314
003 - KONTROL NUMARASI IDENTIFIER
Denetim Alanı MIRAKIL
005 - SON İŞLEM TARİHİ VE ZAMANI
Denetim Alanı 20181213154934.0
008 - SABİT-BOY VERİ ELEMANLARI - GENEL BİLGİLER
Sabit Uzunlukta Kontrol Alanı 170908b tu 000 0
020 ## - ULUSLARARASI STANDART KİTAP NUMARASI
Uluslararası Standart Kitap Numarası 9786053994800
040 ## - KATALOGLAMA KAYNAK
Orijinal Kataloglama Ajansı Milas
Kataloglama Dili tur
Metne Dönüştürmek Ajansı TR-AnCHP
041 ## - DİL KODU
Metin / Ses Parça Veya Ayrı Başlığın Dil Kodu tur
082 ## - DEWEY ONLU SINIFLANDIRMA NUMARASI
Sınıflandırma Numarası 292.13
Ürün Numarası B69b 2017
090 ## - SINIFLAMA NUMARASI
Sınıflama Numarası 292.13 B69b 2017
100 ## - ANA GİRİŞ - KİŞİSEL İSİM
Kişisel Ad Boynudelik, Zerrin İren
245 ## - BAŞLIK TABLOSU
Başlık Bu resim ne anlatıyor?
Başlığın Kalan Mitoloji
Sorumluluk Tablosu, Vb Zerrin İren Boynudelik
246 ## - UNVAN FORM VARYING
Başlık Doğru / Kısa Başlığı Mitoloji
260 ## - YAYIN, DAĞITIM, VB
Yayın, Dağıtım, Vb Yeri İstanbul
Yayıncı, Dağıtıcı, Vs Adı İstanbul Bilgi Üniversitesi
Yayın, Dağıtım, Vb Tarihi 2017
Üretici Firma Ofset yapımevi
300 ## - FİZİKSEL TANIM
Kapsam 228 s.
Diğer Fiziksel Ayrıntıları res.
Boyutlar 24 sm.
440 ## - SERİSİ TABLOSU / KATMA GİRİŞİ - BAŞLIK
Başlık İstanbul Bilgi Üniversitesi Yayınları
Hacim / Ardışık Tanımı 590
490 ## - SERİSİ TABLOSU
Seri Beyanı Sanat-Estetik
Hacim / Ardışık Tanımı 10
504 ## - KAYNAKÇA VB NOT
Kaynakça Vb Notu Kaynakça ve dizin var
650 ## - KONU KATMA GİRİŞ - TOPİKAL DÖNEM
Topikal Süreli Veya Coğrafi Ad Giriş Elemanı Mitoloji
Genel Alt Bölümü Roma sanatında
650 ## - KONU KATMA GİRİŞ - TOPİKAL DÖNEM
Topikal Süreli Veya Coğrafi Ad Giriş Elemanı Mitoloji
Genel Alt Bölümü Yunan sanatında
650 ## - KONU KATMA GİRİŞ - TOPİKAL DÖNEM
Topikal Süreli Veya Coğrafi Ad Giriş Elemanı Mitoloji
Genel Alt Bölümü Klasik sanatta
740 ## - KATMA GİRİŞ - KONTROLSUZ İLGİLİ / ANALİTİK BAŞLIK
Kontrol Edilmeyen / İlgili Analitik Başlıktaki Mitoloji
942 ## - EKLENDİ GİRİŞ ELEMANLARI (KOHA)
Sınıflandırma Veya Raf Düzeni Kaynak Dewey Decimal Classification
Koha Öğesi Türü Books
999 ## - SİSTEM KONTROL NUMARALARI (KOHA)
Koha Biblionumber 3509
Koha Biblioitemnumber 3509
Holdings
Kalıcı Konum Mevcut Konum Edinme Tarihi Edinim Kaynak Toplam Check-Out'Lar Tam Çağrı Numarası Barkod Tarih Son Görülme İtibaren Geçerli Fiyatlar Koha Öğesi Türü
CHP Kütüphanesi CHP Kütüphanesi 09/08/2017 Bağış   292.13 B69b 2017 017299 09/08/2017 09/08/2017 Books